Estado y desarrollo en Centroamérica (tercera parte y final)
Gardado en:
| Formato: | Texto |
|---|---|
| Materias: | |
| Etiquetas: |
Engadir etiqueta
Sen Etiquetas, Sexa o primeiro en etiquetar este rexistro!
|
MARC
| LEADER | 00000 a a2200000 04500 | ||
|---|---|---|---|
| 001 | 17876 | ||
| 003 | |||
| 040 | |||
| 245 | |a Estado y desarrollo en Centroamérica (tercera parte y final) | ||
| 650 | |a ESTADO | ||
| 650 | |a DESARROLLO AGROPECUARIO | ||
| 650 | |a EXPORTACIONES | ||
| 650 | |a AGROINDUSTRIA | ||
| 650 | |a CENTROAMERICA | ||
| 773 | |g volumen 3, número 37. (1970) páginas 321-323 | ||
| 999 | |c 22820 |d 22820 | ||
| 773 | 0 | |0 42391 |9 3783 |a Agencia Latinoamericana de Información, ALAI |d Quito, Ecuador: ALAI |o 04250 |t ALAI: |x 08275564 (Servicio mensual de información y documentación) | |
